| 000 | 01547nam a2200313 a 4500 | ||
|---|---|---|---|
| 001 | 47334 | ||
| 003 | BD-RjUL | ||
| 005 | 20211209054309.0 | ||
| 008 | 170122s1985 bg a eng | | ||
| 020 | _c: Complimentary (Pt.-I & II) | ||
| 020 | _c: Tk. 300.00 (Inland) (Pt.-I ) | ||
| 020 | _c: Tk. 300.00 (Inland) (Pt.-II ) | ||
| 035 | _a(BD-RjUL)47453 | ||
| 040 |
_aANL _beng _dANL _cBD-RjUL |
||
| 041 | _aeng | ||
| 082 |
_223 _a304.6095492021 _bDIN 1985 (TS) |
||
| 110 |
_aBangladesh Bureau of Statistics _9179266 |
||
| 245 | 0 | 0 |
_aBangladesh population census, 1981: _bCommunity tables of all Thanas of Dinajpur District / _cBangladesh Bureau of Statistics |
| 260 |
_aDhaka, : _bBangladesh Bureau of Statistics, _c1985 |
||
| 300 |
_a 2 Part : _bIll ; _c28 cm. |
||
| 490 |
_aThana series: Community tables of all Thanas of Dinajpur District ; _vPart I, Dinajpur Sadar Sub-Division |
||
| 490 |
_aThana series: Community tables of all Thanas of Dinajpur District ; _vPart II, Panchagarh and Thakurgaon Sub-Division |
||
| 505 | 0 | _aPart I, Dinajpur Sadar Sub-Division -- Part II, Panchagarh and Thakurgaon Sub-Division | |
| 651 |
_aBangladesh _zDinajpur _vcensus, 1981 _9184854 |
||
| 651 |
_aBangladesh _zDinajpur _xPopulation _vStaistics _y1981 _9184855 |
||
| 830 |
_aThana series: Community tables of all Thanas of Dinajpur District ; _vPart I, Dinajpur Sadar Sub-Division _9190999 |
||
| 830 |
_aThana series: Community tables of all Thanas of Dinajpur District ; _vPart II, Panchagarh and Thakurgaon Sub-Division _9190999 |
||
| 942 |
_2ddc _cRAR |
||
| 999 |
_c47334 _d47334 |
||